Kleinwohnungen im Einzelhaus und im Geschoßhaus aus dem 17., 18. u. Anfang 19. Jahrhundert in Württemberg : Teil : Das Gesicht des schwäbischen Hauses im Straßenbild /

-д хадгалсан:
Номзүйн дэлгэрэнгүй
Үндсэн зохиолч: Bozenhardt, Karl Friedrich (autor)
Формат: Ном
Хэл сонгох:German
Хэвлэсэн: Stuttgart, Alemania : Kohlhammer, 1941
Шошгууд: Шошго нэмэх
Шошго байхгүй, Энэхүү баримтыг шошголох эхний хүн болох!

MARC

LEADER 00000nam^a2200000^a^4500
001 000554959
005 20250526000000.0
009 20260310131709.159
037 |a Acervo ITESO - Biblioteca 
041 |a ALE 
091 |a FHA. 00789 
100 |a Bozenhardt, Karl Friedrich  |e (autor) 
245 1 0 |a Kleinwohnungen im Einzelhaus und im Geschoßhaus aus dem 17., 18. u. Anfang 19. Jahrhundert in Württemberg :  |b Teil : Das Gesicht des schwäbischen Hauses im Straßenbild / 
264 1 |a Stuttgart, Alemania :  |b Kohlhammer,  |c 1941 
300 |a 57 p. ;  |c 29.5 cm. 
336 |a texto  |b txt  |2 rdacontenido 
337 |a sin mediación  |b n  |2 rdamedio 
338 |a volumen  |b nc  |2 rdasoporte 
515 |a Inventario familia Hartung: 1023 
649 |a XX 
910 |a Fondo Horst Hartung Franz 
920 |a Impresos - Libros 
930 |a Libros Antiguos y Raros 
905 |a 135 
901 |a 0500331767  |b IT2  |c LRA  |i D  |u 20250526 
902 |a https://opac.biblio.iteso.mx/vufind/Record/000554959